(The) Cambridge Economic History of India (C. 1200 - C. 1750) (Record no. 6472)

000 -LEADER
fixed length control field 00355nam a2200121Ia 4500
008 - FIXED-LENGTH DATA ELEMENTS--GENERAL INFORMATION
fixed length control field 201216s9999 xx 000 0 und d
100 ## - MAIN ENTRY--PERSONAL NAME
Personal name Raychaudhuri, Tapan and Habib, Irfan (ed.)
245 #0 - TITLE STATEMENT
Title (The) Cambridge Economic History of India (C. 1200 - C. 1750)
260 ## - PUBLICATION, DISTRIBUTION, ETC.
Place of publication, distribution, etc. London
Name of publisher, distributor, etc. Cambridge University Press
300 ## - PHYSICAL DESCRIPTION
Extent 543
490 ## - SERIES STATEMENT
Volume/sequential designation Vol I
942 ## - ADDED ENTRY ELEMENTS (KOHA)
Koha item type Books
Holdings
Withdrawn status Lost status Damaged status Not for loan Permanent Location Date acquired Full call number Barcode Date last seen Price effective from Koha item type
        IMU Kolkata 2020-12-16 330.954 R265 PM01515 2020-12-16 2020-12-16 Books
Designed and Maintained by IMU-KC Library, Kolkata Campus © Copyright All Rights Reserved

webs counters

Powered by Koha